| 000 | 00788nam a2200217 a 4500 | ||
|---|---|---|---|
| 008 | 120416s1981 ||||||||||||||||| || u | ||
| 020 | _a0256024235 | ||
| 050 | _aHD 58.7 Dit | ||
| 100 | _aZawacki, Robert A | ||
| 245 | 1 | 0 | _aPeople and organizations |
| 246 | _acases in management and organizational behaviour | ||
| 260 |
_aPlano, Texas _bBusiness Publications Irwin-Dorsey _c1981 |
||
| 300 | _axxii, 324p. : ill | ||
| 350 | _a0.00 | ||
| 500 | _aIncludes bibliographies. | ||
| 650 | 0 | _aMANAGEMENT | |
| 650 | _aOrganizational behavior--Case studies | ||
| 650 | _aMANAGEMENT--CASE STUDIES | ||
| 700 | _aDittrich, John E | ||
| 995 |
_D0.00 _FCBU-MAIN LIBRARY (Kitwe) _H1 _I18.95 _M1 _UAVAILABLE _ZMain Library Open Access Collection |
||
| 999 |
_c53289 _d53289 |
||